01554nam a2200301 a 450000100060000000300080000600500170001400800410003102000150007203500190008704000320010604100080013808200380014611000850018424503120026924601470058126000500072830000380077849000260081665100590084265100770090170000330097871000430101183000340105494200130108899900170110195201340111864207BD-RjUL20211209081300.0170126s1963 pk s o00| 0 eng  c: PRs.4.00 a(BD-RjUL)64337 aDLCcDLCdDLCdBD-RjULbeng aeng a304.609549021223bSUK 1963 (DCR) aPakistan.bMinistry of Home and Kashmir Affairs (Home Affairs Division).918643210aPopulation census of Pakistan, 1961 : bDistrict census report, Sukkur. Parts I-V : General description, general tables, housing tables, population tables, and village statistics / cPakistan. Ministry of Home and Kashmir Affairs (Home Affairs Division) ; Census organization (Pakistan) ; A. Rashid, [comp.] aDistrict census report, Sukkur :bParts I-V : General description, general tables, housing tables, population tables, and village statistics.  aKarachi : bManager of publications,c[1963]. avarious pagings :bIll. ;c25 cm. acensus, 61 ;vNo. 134 aPakistan (West Pakistan)zSukkurvCensus, 19619190680 aPakistan (West Pakistan)zSukkurxPopulation vStatistics y19619190681 aRashid, A. , [comp.]9186708 aCensus organization (Pakistan)9186435 acensus, 61 ;vNo. 1349190683 2ddccRAR c64207d64207 00102ddc40718RAREaRUCLbRUCLcRared2017-02-12l0oRA 304.609549021 SUK 1963(DCR)r2017-02-12 00:00:00tC-1w2017-02-12yRAR